000 01142naa a22003257a 4500
001 BR7902681
003 BR-BrBNA
005 20240918174348.0
007 ta
008 230509b bl.||||| |||| 00| 0 por d
040 _aBR-BrBNA
_bpor
_cBiblioteca Nacional de Agricultura
041 _a(Pt)
072 _aF60
_b0810
090 _aF60 BR7902681
100 1 _aAraujo, J.P. de
100 1 _aMoraes, R.J. de S.
100 1 _aMoreira, J.O.T.
111 1 _a2. Encontro Agronomico do Medio Sao Francisco
_cJuazeiro, BA (Brazil)
_d12 Oct 1976
245 1 _aInfluencia da umidade no melao (Cucumis melo, L.)EM SOLO ALUVIAO [Crescimento]
260 3 _aJuazeiro, BA (Brasil):
_c1978.
500 _aAnais do 2. Encontro Agronomico do Medio Sao Francisco Juazeiro, BA (Brasil): 1978. p. 33-37 (BR7902681-AM)F60
650 _aFisiologia vegetal
650 _aMelao
650 _aCrescimento
650 _aAbsorcao
650 _aUmidade do solo
773 0 _tAnais do 2. Encontro Agronomico do Medio Sao Francisco
_wF60 BR7902681
_gJuazeiro, BA (Brasil), 1978. p. 33-37
909 _a202404
_bLucia
_c55
_dLucia Elande
942 _cAM
_2AGRIS
999 _c310738
_d310738